00351nam a2200145Ia 4500008004100000020001800041041000800059082001600067100002800083245002700111250000600138260003100144300000800175650002200183210716s2006 xx 000 0 und d a9781416511557 aeng a374.22 SCHD aSchwartz, David Joseph. aMagic of thinking big. a1 aLondonbPocket Booksc2006 a348 aGeneral Knowledge